A TB. OF BIOTECHNOLOGY (Record no. 16218)
[ view plain ]
| 000 -LEADER | |
|---|---|
| fixed length control field | 00288nam a22001337a 4500 |
| 003 - CONTROL NUMBER IDENTIFIER | |
| control field | SGT |
| 020 ## - INTERNATIONAL STANDARD BOOK NUMBER | |
| International Standard Book Number | 978-81219-2608-9 |
| 082 ## - DEWEY DECIMAL CLASSIFICATION NUMBER | |
| Classification number | 616.01 |
| Item number | B18D |
| 100 ## - MAIN ENTRY--PERSONAL NAME | |
| Personal name | DUBEY, R.C. |
| 245 ## - TITLE STATEMENT | |
| Title | A TB. OF BIOTECHNOLOGY |
| 260 ## - PUBLICATION, DISTRIBUTION, ETC. (IMPRINT) | |
| Place of publication, distribution, etc | INDIA |
| Name of publisher, distributor, etc | S.CHAND |
| Year of Publication | 2018 |
| 300 ## - PAGE DESCRIPTION | |
| No. of Pages | 602 |
| 942 ## - ADDED ENTRY ELEMENTS (KOHA) | |
| Source of classification or shelving scheme | Dewey Decimal Classification |
| Koha item type | Books |
| 942 ## - ADDED ENTRY ELEMENTS (KOHA) | |
| -- | 12 |
| Withdrawn status | Lost status | Source of classification or shelving scheme | Damaged status | Not for loan | Collection code | Home library | Current library | Shelving location | Date acquired | Vendor Name | Cost, normal purchase price | SGTU | Bill Number | Total Checkouts | Full call number | Accession No. (Barcode) | Date last seen | Date last borrowed | Bill Date | Koha item type |
|---|---|---|---|---|---|---|---|---|---|---|---|---|---|---|---|---|---|---|---|---|
| Dewey Decimal Classification | MEDICAL | SGT Medical Library | SGT Medical Library | Reference Book | 04/12/2018 | ABC | 525.00 | SGTU | 10098 | 6 | 616.01 B18D | FM11023 | 19/06/2025 | 02/06/2025 | 04/09/2018 | Books | ||||
| Dewey Decimal Classification | MEDICAL | SGT Medical Library | SGT Medical Library | Reference Book | 04/12/2018 | ABC | 525.00 | SGTU | 10098 | 3 | 616.01 B18D | FM11024 | 27/01/2024 | 13/01/2024 | 04/09/2018 | Books | ||||
| Dewey Decimal Classification | MEDICAL | SGT Medical Library | SGT Medical Library | Reference Book | 04/12/2018 | ABC | 525.00 | SGTU | 10098 | 5 | 616.01 B18D | FM11025 | 21/04/2025 | 10/04/2025 | 04/09/2018 | Books | ||||
| Dewey Decimal Classification | Not For Loan | MEDICAL | SGT Medical Library | SGT Medical Library | Reference Book | 04/12/2018 | ABC | 525.00 | SGTU | 10098 | 616.01 B18D | FM11026 | 04/12/2018 | 04/09/2018 | Books | |||||
| Dewey Decimal Classification | MEDICAL | SGT Medical Library | SGT Medical Library | Reference Book | 04/12/2018 | ABC | 525.00 | SGTU | 10098 | 6 | 616.01 B18D | FM11027 | 03/04/2026 | 12/03/2026 | 04/09/2018 | Books | ||||
| Dewey Decimal Classification | MEDICAL | SGT Medical Library | SGT Medical Library | Reference Book | 04/12/2018 | ABC | 525.00 | SGTU | 10098 | 616.01 B18D | FM11028 | 04/12/2018 | 04/09/2018 | Books | ||||||
| Dewey Decimal Classification | MEDICAL | SGT Medical Library | SGT Medical Library | Reference Book | 04/12/2018 | ABC | 525.00 | SGTU | 10098 | 2 | 616.01 B18D | FM11029 | 07/05/2026 | 20/04/2026 | 04/09/2018 | Books | ||||
| Dewey Decimal Classification | MEDICAL | SGT Medical Library | SGT Medical Library | Reference Book | 04/12/2018 | ABC | 525.00 | SGTU | 10098 | 616.01 B18D | FM11030 | 04/12/2018 | 04/09/2018 | Books | ||||||
| Dewey Decimal Classification | MEDICAL | SGT Medical Library | SGT Medical Library | Reference Book | 04/12/2018 | ABC | 525.00 | SGTU | 10098 | 5 | 616.01 B18D | FM11031 | 09/03/2026 | 11/02/2026 | 04/09/2018 | Books | ||||
| Dewey Decimal Classification | MEDICAL | SGT Medical Library | SGT Medical Library | Reference Book | 04/12/2018 | ABC | 525.00 | SGTU | 10098 | 616.01 B18D | FM11032 | 04/12/2018 | 04/09/2018 | Books |